<The> Impact of Change in Oil Prices on the Equity Markets of Oil Exporting and Importing Countries

Analýza úrovne integrácie akciových trhov dovozcov a vývozcov ropy na základe vplyvu zmeny ceny ropy dosiahnutej použitím denných údajov indexu zásob a ceny ropy. Vzorku tvoria tri krajiny dovozcu ropy Pakistan, India a Bangladéš spolu s tromi krajinami vývozcu ropy Saudskou Arábiou, Ománom a SAE....

Description complète

Enregistré dans:
Détails bibliographiques
Auteur principal: Zahyd, Sadaf
Format: Chapitre de livre
Langue:anglais
Sujets:
Tags: Ajouter un tag
Pas de tags, Soyez le premier à ajouter un tag!

MARC

LEADER 00000naa a2200000 4500
001 0253772
005 20191203084556.4
041 0 |a eng 
044 |a CZ 
245 1 0 |a <The> Impact of Change in Oil Prices on the Equity Markets of Oil Exporting and Importing Countries  |c Sadaf Zahyd 
520 |a Analýza úrovne integrácie akciových trhov dovozcov a vývozcov ropy na základe vplyvu zmeny ceny ropy dosiahnutej použitím denných údajov indexu zásob a ceny ropy. Vzorku tvoria tri krajiny dovozcu ropy Pakistan, India a Bangladéš spolu s tromi krajinami vývozcu ropy Saudskou Arábiou, Ománom a SAE. Na účely analýzy bola použitá ekonometrická technika a prelievanie volatility (ARMA 1,1 a GARCH v priemere). 
610 2 0 |a ropa 
610 2 0 |a vývoj cenový 
610 2 0 |a dovoz 
610 2 0 |a vývoz 
610 2 0 |a vývoj hospodársky 
610 2 0 |a analýza ekonometrická 
610 2 0 |a Saudská Arábia 
610 2 0 |a Pakistan 
610 2 0 |a trh akciový 
610 2 0 |a India 
610 2 0 |a Bangladéš 
610 2 0 |a volatilita 
100 1 |a Zahyd, Sadaf